书目信息 |
| 题名: |
此情可待成追忆
|
|
| 作者: | 晚来秋 著 | |
| 分册: | ||
| 出版信息: | 北京 航空工业出版社 2022.01 |
|
| 页数: | 250页, [6] 页图版 | |
| 开本: | 21cm | |
| 丛书名: | ||
| 单 册: | ||
| 中图分类: | K825.6=424 , I207.227.424 | |
| 科图分类: | ||
| 主题词: | 诗人--shi ren--传记--中国--唐代 , 唐诗--tang shi--诗歌欣赏--中国--唐代 | |
| 电子资源: | ||
| ISBN: | 978-7-5165-2858-7 | |
| 000 | 01346nam0 2200313 450 | |
| 001 | CAL 0120227374538 | |
| 005 | 20230217093113.0 | |
| 010 | @a978-7-5165-2858-7@dCNY42.00 | |
| 100 | @a20220428d2022 em y0chiy0120 ea | |
| 101 | 0 | @achi |
| 102 | @aCN@b110000 | |
| 105 | @aaf z 000yb | |
| 106 | @ar | |
| 200 | 1 | @a此情可待成追忆@Aci qing ke dai cheng zhui yi@e李商隐诗传@f晚来秋著 |
| 210 | @a北京@c航空工业出版社@d2022.01 | |
| 215 | @a250页, [6] 页图版@c彩图@d21cm | |
| 300 | @a青蓝书坊 经典浪浪古诗词 | |
| 314 | @a晚来秋, 本名赵巍, 生物学硕士, 知乎专栏作者。曾发表诗文数百篇, 著有文化散文集《香在有无间——二十四番花信风》, 颇受读者欢迎。 | |
| 330 | @a最美不过唐诗。唐诗中许多美好的字句, 出自李商隐的笔下。少有人不爱李商隐的诗, 少有人能读懂李商隐的诗。他的诗用典丰富, 构思灵妙, 寄托遥深。似不经意间, 那些灵妙的字句幻化出迷离朦胧、绮丽婉约的梦境。本书以时间为线索, 勾勒出李商隐至情至性的人生。 | |
| 517 | 1 | @a李商隐诗传@Ali shang yin shi zhuan |
| 600 | 0 | @a李商隐@Ali shang yin@f812-约858@x传记 |
| 600 | 0 | @a李商隐@Ali shang yin@f812-约858@x唐诗@x诗歌欣赏 |
| 606 | 0 | @a诗人@Ashi ren@x传记@y中国@z唐代 |
| 606 | 0 | @a唐诗@Atang shi@x诗歌欣赏@y中国@z唐代 |
| 690 | @aK825.6=424@v5 | |
| 690 | @aI207.227.424@v5 | |
| 701 | 0 | @a晚来秋@Awan lai qiu@4著 |
| 801 | 0 | @aCN@bBJXHZP@c20230228 |
| 905 | @b1390462-5@dK825.6=424@e1572@f4 | |
| 此情可待成追忆:李商隐诗传/晚来秋著.-北京:航空工业出版社,2022.01 |
| 250页, [6] 页图版:彩图;21cm |
| 青蓝书坊 经典浪浪古诗词 |
| ISBN 978-7-5165-2858-7:CNY42.00 |
| 最美不过唐诗。唐诗中许多美好的字句, 出自李商隐的笔下。少有人不爱李商隐的诗, 少有人能读懂李商隐的诗。他的诗用典丰富, 构思灵妙, 寄托遥深。似不经意间, 那些灵妙的字句幻化出迷离朦胧、绮丽婉约的梦境。本书以时间为线索, 勾勒出李商隐至情至性的人生。 |
| ● |
| 相关链接 |
|
|
|
|
正题名:此情可待成追忆
索取号:K825.6=424/1572
 
预约/预借
| 序号 | 登录号 | 条形码 | 馆藏地/架位号 | 状态 | 备注 |
| 1 | 1390462 | 213904621 | 第二样本阅览室/ [索取号:K825.6=424/1572] | 在馆 | |
| 2 | 1390463 | 213904630 | 第二借阅区/ [索取号:K825.6=424/1572] | 在馆 | |
| 3 | 1390464 | 213904649 | 第二借阅区/ [索取号:K825.6=424/1572] | 在馆 | |
| 4 | 1390465 | 213904658 | 第二借阅区/ [索取号:K825.6=424/1572] | 在馆 |